[Event "Mindsports Open 5th"]
[Site "London"]
[Date "2025.08.16"]
[Round "5.47"]
[White "Vashisht-Pigem, Raman"]
[Black "Ganguly, Aryaman"]
[Result "1-0"]
[WhiteElo "1981"]
[BlackElo "1824"]
[PlyCount "71"]
[EventDate "2025.08.13"]
[EventType "swiss"]
[EventRounds "9"]
[EventCountry "ENG"]
[SourceTitle "BritBase"]
[Source "John Saunders"]
[SourceDate "2025.08.18"]
[SourceVersion "1"]
[SourceVersionDate "2025.08.18"]
[SourceQuality "1"]

1. e4 c5 2. Nf3 d6 3. Bb5+ Bd7 4. Bxd7+ Nxd7 5. O-O Ngf6 6. Qe2 g6 7. c3 Bg7 8. d4 cxd4 9. cxd4 e5 10. Rd1 Qc7 11. Nc3 a6 12. Bg5 Rc8 13. Rac1 Qb8 14. dxe5 dxe5 15. Rd2 O-O 16. Rcd1 Nc5 17. h3 Kh8 18. Rd6 Ne6 19. Be3 Rcd8 20. Qd3 Rxd6 21. Qxd6 Nd4 22. Qxb8 Nxf3+ 23. gxf3 Rxb8 24. Rd6 Re8 25. Bg5 Ng8 26. Nd5 h6 27. Bh4 g5 28. Bg3 Ne7 29. Nf6 Bxf6 30. Rxf6 Kg7 31. Bxe5 Ng6 32. Re6+ Kf8 33. Bd6+ Ne7 34. Rxe7 Rxe7 35. Kg2 f5 36. exf5 1-0

[Event "Mindsports Open 5th"]
[Site "London"]
[Date "2025.08.16"]
[Round "5.48"]
[White "Mokhber-Garcia, Sebastian"]
[Black "Steenfatt, Niklas"]
[Result "1/2-1/2"]
[WhiteElo "1962"]
[BlackElo "1810"]
[PlyCount "100"]
[EventDate "2025.08.13"]
[EventType "swiss"]
[EventRounds "9"]
[EventCountry "ENG"]
[SourceTitle "BritBase"]
[Source "John Saunders"]
[SourceDate "2025.08.18"]
[SourceVersion "1"]
[SourceVersionDate "2025.08.18"]
[SourceQuality "1"]

1. e4 e5 2. Nf3 Nc6 3. Bb5 a6 4. Ba4 Nf6 5. O-O Nxe4 6. Re1 Nc5 7. Bxc6 dxc6 8. d4 Ne6 9. dxe5 Qxd1 10. Rxd1 Bd7 11. Nc3 Be7 12. Ne4 h6 13. Be3 O-O-O 14. Rd2 b6 15. a4 a5 16. b3 c5 17. Nc3 Bc6 18. Rad1 Rxd2 19. Rxd2 Rd8 20. Rxd8+ Bxd8 21. Kf1 f6 22. exf6 Bxf6 23. Nb5 Be4 24. Na3 Bb2 25. Nc4 Bc3 26. Na3 Bb4 27. Nd2 Bxd2 28. Bxd2 Nd4 29. Bc3 Nxc2 30. Nxc2 Bxc2 31. Bxg7 h5 32. f3 Bxb3 33. g4 Bd1 34. gxh5 Bxf3 35. h6 Be4 36. Ke2 Kd7 37. Ke3 Bg6 38. Be5 c6 39. Bb8 b5 40. Ba7 Kd6 41. Bb6 bxa4 42. Bxa5 Kd5 43. Kd2 Kc4 44. Bc3 Kb3 45. h4 Ka2 46. h5 Bf5 47. Be5 Kb1 48. Kc3 a3 49. Kc4 a2 50. Kxc5 Be4 1/2-1/2

[Event "Mindsports Open 5th"]
[Site "London"]
[Date "2025.08.16"]
[Round "5.49"]
[White "Ding, Yicheng"]
[Black "Wang, Luoke"]
[Result "1/2-1/2"]
[WhiteElo "1793"]
[BlackElo "1944"]
[PlyCount "99"]
[EventDate "2025.08.13"]
[EventType "swiss"]
[EventRounds "9"]
[EventCountry "ENG"]
[SourceTitle "BritBase"]
[Source "John Saunders"]
[SourceDate "2025.08.18"]
[SourceVersion "1"]
[SourceVersionDate "2025.08.18"]
[SourceQuality "1"]

1. d4 Nf6 2. c4 e6 3. Nf3 d5 4. cxd5 exd5 5. Nc3 c6 6. Bg5 Bf5 7. Qb3 b5 8. e3 Be7 9. Be2 Nbd7 10. O-O h6 11. Bh4 O-O 12. Rac1 a5 13. a4 b4 14. Nb1 Rc8 15. Ba6 Rc7 16. Bg3 Ra7 17. Rxc6 Nb6 18. Bb5 Bd7 19. Ne5 Bxc6 20. Nxc6 Qa8 21. Nxe7+ Rxe7 22. Bd6 Re6 23. Bxf8 Qxf8 24. Nd2 Qc8 25. Qd3 Re7 26. Nb3 Nc4 27. Rc1 Rc7 28. Qc2 Qa8 29. Nd2 Rc8 30. Nxc4 dxc4 31. Bxc4 Kh8 32. Qd3 Ne4 33. f3 Nd6 34. b3 Qa7 35. Rc2 Qe7 36. e4 Rd8 37. e5 Nxc4 38. Qxc4 Qh4 39. h3 Rxd4 40. Qe2 Rd8 41. Rc4 Qg5 42. Rc2 Qf5 43. Qe4 Qxe4 44. fxe4 Rd3 45. Rc5 Rxb3 46. Rxa5 Ra3 47. Ra8+ Kh7 48. a5 b3 49. Rb8 Rxa5 50. Rxb3 1/2-1/2

[Event "Mindsports Open 5th"]
[Site "London"]
[Date "2025.08.16"]
[Round "5.50"]
[White "Sajanani, Vikas"]
[Black "Mittal, Aditya"]
[Result "0-1"]
[WhiteElo "1892"]
[BlackElo "1927"]
[PlyCount "46"]
[EventDate "2025.08.13"]
[EventType "swiss"]
[EventRounds "9"]
[EventCountry "ENG"]
[SourceTitle "BritBase"]
[Source "John Saunders"]
[SourceDate "2025.08.18"]
[SourceVersion "1"]
[SourceVersionDate "2025.08.18"]
[SourceQuality "1"]

1. d4 Nf6 2. c4 e6 3. Nf3 d5 4. Bg5 dxc4 5. e3 c5 6. Bxc4 cxd4 7. Nxd4 Qa5+ 8. Nc3 Qxg5 9. Ndb5 Qc5 10. Qa4 Bd7 11. Be2 Bxb5 12. Bxb5+ Nc6 13. Rc1 Be7 14. b4 Qb6 15. Ne4 O-O 16. Nc5 Bxc5 17. bxc5 Qa5+ 18. Ke2 Qxa4 19. Bxa4 Rfd8 20. Rb1 Ne4 21. Rhc1 Rd2+ 22. Kf3 f5 23. Rxb7 Rxf2# 0-1

[Event "Mindsports Open 5th"]
[Site "London"]
[Date "2025.08.16"]
[Round "5.51"]
[White "Oupindrin, Narayanin"]
[Black "Rice, Leah"]
[Result "0-1"]
[WhiteElo "1875"]
[BlackElo "1979"]
[PlyCount "68"]
[EventDate "2025.08.13"]
[EventType "swiss"]
[EventRounds "9"]
[EventCountry "ENG"]
[SourceTitle "BritBase"]
[Source "John Saunders"]
[SourceDate "2025.08.18"]
[SourceVersion "1"]
[SourceVersionDate "2025.08.18"]
[SourceQuality "1"]

1. e4 c6 2. c4 d5 3. cxd5 cxd5 4. exd5 Nf6 5. Qa4+ Nbd7 6. Nc3 g6 7. Nf3 Bg7 8. Bc4 O-O 9. d3 a6 10. Be3 Ng4 11. Bb3 Nxe3 12. fxe3 b5 13. Qh4 Nc5 14. Bc2 Rb8 15. d4 b4 16. Ne2 b3 17. axb3 Nxb3 18. Ra3 Qxd5 19. O-O Qc4 20. Nc3 Nxd4 21. exd4 Rxb2 22. Ba4 Qb4 23. Rfa1 Rd8 24. Nd1 Bf6 25. Qe1 Bxd4+ 26. Kh1 Qxe1+ 27. Nxe1 Re2 28. Nc3 Re3 29. Rc1 Be6 30. Nf3 Bc5 31. Raa1 Bg4 32. Bc6 Bxf3 33. Bxf3 Bd4 34. Nd1 Re1# 0-1

[Event "Mindsports Open 5th"]
[Site "London"]
[Date "2025.08.16"]
[Round "6.2"]
[White "Urkedal, Frode Olav Olsen"]
[Black "Balaji, Aaravamudhan"]
[Result "1-0"]
[WhiteElo "2558"]
[BlackElo "2394"]
[PlyCount "71"]
[EventDate "2025.08.13"]
[EventType "swiss"]
[EventRounds "9"]
[EventCountry "ENG"]
[SourceTitle "BritBase"]
[Source "John Saunders"]
[SourceDate "2025.08.18"]
[SourceVersion "1"]
[SourceVersionDate "2025.08.18"]
[SourceQuality "1"]

1. d4 d5 2. c4 e6 3. Nc3 Be7 4. cxd5 exd5 5. Bf4 c6 6. e3 Bd6 7. Bxd6 Qxd6 8. Bd3 Nf6 9. Qc2 O-O 10. Nf3 Nbd7 11. O-O Re8 12. Rfe1 g6 13. h3 Kg7 14. a3 a5 15. Nd2 b6 16. e4 dxe4 17. Ncxe4 Nxe4 18. Nxe4 Qd5 19. Bc4 Qf5 20. Re2 Rd8 21. Rae1 Nf6 22. Bd3 Nd5 23. Nd6 Qf4 24. Ne8+ Kf8 25. Re4 Qb8 26. Qc1 Be6 27. Qh6+ Kxe8 28. Rxe6+ fxe6 29. Qxh7 Qf4 30. Rxe6+ Kf8 31. Rxg6 Ne7 32. Qh8+ Kf7 33. Qg7+ Ke8 34. Rf6 Qc1+ 35. Kh2 Qe1 36. Bf5 1-0

[Event "Mindsports Open 5th"]
[Site "London"]
[Date "2025.08.16"]
[Round "6.3"]
[White "Tica, Sven"]
[Black "Csonka, Balazs"]
[Result "0-1"]
[WhiteElo "2442"]
[BlackElo "2467"]
[PlyCount "72"]
[EventDate "2025.08.13"]
[EventType "swiss"]
[EventRounds "9"]
[EventCountry "ENG"]
[SourceTitle "BritBase"]
[Source "John Saunders"]
[SourceDate "2025.08.18"]
[SourceVersion "1"]
[SourceVersionDate "2025.08.18"]
[SourceQuality "1"]

1. d4 Nf6 2. g3 d5 3. Nf3 c5 4. c4 dxc4 5. Qa4+ Bd7 6. Qxc4 cxd4 7. Nxd4 e5 8. Nf3 Nc6 9. Bg2 Rc8 10. Ng5 Bb4+ 11. Bd2 Bxd2+ 12. Nxd2 O-O 13. Qh4 Nd4 14. O-O Bb5 15. Nb3 h6 16. Ne4 Bxe2 17. Rfc1 Rxc1+ 18. Rxc1 Nf3+ 19. Bxf3 Bxf3 20. Nbd2 Be2 21. Nxf6+ Qxf6 22. Qe4 Ba6 23. Rc5 Qd6 24. Rd5 Qc6 25. Qxe5 Re8 26. Qd4 Re1+ 27. Kg2 b6 28. f3 Re2+ 29. Kh3 Rxd2 30. Qxd2 Bf1+ 31. Kg4 Qe6+ 32. Kf4 g5+ 33. Rxg5+ hxg5+ 34. Kxg5 Qxa2 35. f4 Qe6 36. g4 Qg6+ 0-1

[Event "Mindsports Open 5th"]
[Site "London"]
[Date "2025.08.16"]
[Round "6.4"]
[White "Hauge, Lars Oskar"]
[Black "Lohia, Sohum"]
[Result "1/2-1/2"]
[WhiteElo "2460"]
[BlackElo "2387"]
[PlyCount "60"]
[EventDate "2025.08.13"]
[EventType "swiss"]
[EventRounds "9"]
[EventCountry "ENG"]
[SourceTitle "BritBase"]
[Source "John Saunders"]
[SourceDate "2025.08.18"]
[SourceVersion "1"]
[SourceVersionDate "2025.08.18"]
[SourceQuality "1"]

1. e4 e5 2. Nf3 Nc6 3. Bc4 Nf6 4. d3 Bc5 5. Nc3 a6 6. a3 d6 7. Nd5 Nxd5 8. Bxd5 O-O 9. Be3 Bxe3 10. fxe3 Ne7 11. Bb3 Be6 12. Bxe6 fxe6 13. Qd2 b5 14. d4 Ng6 15. O-O-O exd4 16. exd4 a5 17. h4 b4 18. a4 h6 19. Kb1 Rf7 20. h5 Nf8 21. Qe2 Nh7 22. e5 d5 23. Nh4 Qd7 24. Rhf1 Rxf1 25. Rxf1 Qxa4 26. Ng6 Qd7 27. Qb5 Qxb5 28. Ne7+ Kh8 29. Ng6+ Kg8 30. Ne7+ Kh8 1/2-1/2

[Event "Mindsports Open 5th"]
[Site "London"]
[Date "2025.08.16"]
[Round "6.5"]
[White "Feuerstack, Aljoscha"]
[Black "San Emeterio Cabanes, Jose L"]
[Result "1-0"]
[WhiteElo "2449"]
[BlackElo "2303"]
[PlyCount "57"]
[EventDate "2025.08.13"]
[EventType "swiss"]
[EventRounds "9"]
[EventCountry "ENG"]
[SourceTitle "BritBase"]
[Source "John Saunders"]
[SourceDate "2025.08.18"]
[SourceVersion "1"]
[SourceVersionDate "2025.08.18"]
[SourceQuality "1"]

1. d4 Nf6 2. c4 Nc6 3. Nf3 e6 4. g3 Rb8 5. a3 a6 6. Bg2 b5 7. cxb5 axb5 8. Qc2 Bb7 9. e4 Na5 10. Nc3 b4 11. axb4 Bxb4 12. O-O h6 13. d5 O-O 14. Na2 c5 15. Bf4 d6 16. Nxb4 cxb4 17. dxe6 Bxe4 18. Qe2 fxe6 19. Nd4 Bxg2 20. Qxe6+ Kh8 21. Kxg2 Qb6 22. Qxd6 Qb7+ 23. Kg1 Nc4 24. Qe6 Rbc8 25. b3 Na3 26. Rad1 Rfe8 27. Qf5 Qe4 28. Qa5 Nd5 29. f3 1-0

[Event "Mindsports Open 5th"]
[Site "London"]
[Date "2025.08.16"]
[Round "6.6"]
[White "Sofronie, Iulian"]
[Black "Janik, Igor"]
[Result "0-1"]
[WhiteElo "2372"]
[BlackElo "2519"]
[PlyCount "126"]
[EventDate "2025.08.13"]
[EventType "swiss"]
[EventRounds "9"]
[EventCountry "ENG"]
[SourceTitle "BritBase"]
[Source "John Saunders"]
[SourceDate "2025.08.18"]
[SourceVersion "1"]
[SourceVersionDate "2025.08.18"]
[SourceQuality "1"]

1. d4 Nf6 2. Nf3 g6 3. Bf4 Bg7 4. e3 d6 5. h3 c5 6. c3 Qb6 7. Qb3 Be6 8. Qxb6 axb6 9. Na3 O-O 10. Bh2 Ne4 11. Nc4 b5 12. Ncd2 Nxd2 13. Kxd2 b4 14. cxb4 cxd4 15. Nxd4 Rxa2 16. Rxa2 Bxa2 17. b5 Bd5 18. f3 Nd7 19. Be2 Ra8 20. Rc1 Nc5 21. Ke1 Ra4 22. Rd1 Bc4 23. b3 Bxe2 24. Kxe2 Rb4 25. Rc1 e5 26. Nc6 bxc6 27. bxc6 Rb8 28. b4 Ne6 29. e4 Bf6 30. Bg1 Rxb4 31. c7 Rb2+ 32. Kf1 Nxc7 33. Rxc7 Rb1+ 34. Kf2 Bh4+ 35. g3 Bxg3+ 36. Kxg3 Rxg1+ 37. Kh4 Kg7 38. Rd7 Rd1 39. Kg3 Kf6 40. h4 Ke6 41. Ra7 h5 42. Ra8 Rb1 43. Re8+ Kd7 44. Ra8 Rb7 45. Ra5 Ke6 46. Ra3 f5 47. Rc3 fxe4 48. fxe4 Rb1 49. Ra3 Rg1+ 50. Kh3 Re1 51. Ra4 Re3+ 52. Kg2 Kd7 53. Rc4 Re2+ 54. Kf3 Re1 55. Rc2 Rf1+ 56. Kg3 Rg1+ 57. Kh3 Re1 58. Rc4 Rh1+ 59. Kg3 Rg1+ 60. Kh3 Rg4 61. Ra4 Kc6 62. Ra6+ Kc5 63. Ra5+ Kb6 0-1

[Event "Mindsports Open 5th"]
[Site "London"]
[Date "2025.08.16"]
[Round "6.7"]
[White "Gasanov, Eldar"]
[Black "Hobson, Kenneth"]
[Result "0-1"]
[WhiteElo "2471"]
[BlackElo "2361"]
[PlyCount "86"]
[EventDate "2025.08.13"]
[EventType "swiss"]
[EventRounds "9"]
[EventCountry "ENG"]
[SourceTitle "BritBase"]
[Source "John Saunders"]
[SourceDate "2025.08.18"]
[SourceVersion "1"]
[SourceVersionDate "2025.08.18"]
[SourceQuality "1"]

1. d4 Nf6 2. c4 e6 3. Nc3 Bb4 4. Bg5 h6 5. Bh4 c5 6. d5 Bxc3+ 7. bxc3 d6 8. e3 g5 9. Bg3 Ne4 10. Qc2 Qf6 11. Bd3 Nxg3 12. hxg3 Nd7 13. Nf3 Nb6 14. e4 Bd7 15. a4 Nc8 16. Rb1 Rb8 17. a5 Ne7 18. O-O Ng6 19. e5 Nxe5 20. Nxe5 dxe5 21. dxe6 Bxe6 22. Rb5 O-O 23. Rfb1 b6 24. axb6 axb6 25. Rxb6 Rxb6 26. Rxb6 Ra8 27. Qe2 Ra1+ 28. Kh2 Qd8 29. Rc6 g4 30. Qe3 e4 31. Bc2 Qf6 32. Rxc5 Qg6 33. Rb5 f5 34. Rb8+ Kh7 35. Rb7+ Kg8 36. Rb8+ Kh7 37. Bb1 Qf6 38. Rb7+ Kg6 39. Rb6 h5 40. Bxe4 h4 41. Bd5 hxg3+ 42. Kxg3 Kh5 43. Qd4 f4+ 0-1

[Event "Mindsports Open 5th"]
[Site "London"]
[Date "2025.08.16"]
[Round "6.8"]
[White "Levin, Guy"]
[Black "Badacsonyi, Stanley"]
[Result "1/2-1/2"]
[WhiteElo "2464"]
[BlackElo "2309"]
[PlyCount "81"]
[EventDate "2025.08.13"]
[EventType "swiss"]
[EventRounds "9"]
[EventCountry "ENG"]
[SourceTitle "BritBase"]
[Source "John Saunders"]
[SourceDate "2025.08.18"]
[SourceVersion "1"]
[SourceVersionDate "2025.08.18"]
[SourceQuality "1"]

1. d4 Nf6 2. c4 g6 3. Nc3 Bg7 4. e4 d6 5. Be2 O-O 6. Bg5 c5 7. Nf3 h6 8. Bc1 cxd4 9. Nxd4 Nc6 10. Be3 Bd7 11. O-O Rc8 12. h3 a6 13. Rc1 Nxd4 14. Bxd4 Bc6 15. Qd2 Qa5 16. Qe3 Nd7 17. Bxg7 Kxg7 18. Nd5 Bxd5 19. exd5 Rfe8 20. Bg4 Rc7 21. a3 Qb6 22. Qc3+ Nf6 23. Rfe1 Kg8 24. Bf3 Rec8 25. b3 Qc5 26. b4 Qb5 27. cxb5 Rxc3 28. Rxc3 Rxc3 29. Rxe7 axb5 30. Rxb7 Rxa3 31. Rxb5 Kf8 32. Rb8+ Ke7 33. Rb7+ Kf8 34. Be2 Ra1+ 35. Kh2 Ra2 36. Bb5 Nxd5 37. Bc4 Rd2 38. b5 Rd4 39. Be2 Nf6 40. b6 Rb4 41. Bg4 1/2-1/2

[Event "Mindsports Open 5th"]
[Site "London"]
[Date "2025.08.16"]
[Round "6.9"]
[White "Willow, Jonah B"]
[Black "Gombocz, Ferenc Jr"]
[Result "1-0"]
[WhiteElo "2459"]
[BlackElo "2315"]
[PlyCount "57"]
[EventDate "2025.08.13"]
[EventType "swiss"]
[EventRounds "9"]
[EventCountry "ENG"]
[SourceTitle "BritBase"]
[Source "John Saunders"]
[SourceDate "2025.08.18"]
[SourceVersion "1"]
[SourceVersionDate "2025.08.18"]
[SourceQuality "1"]

1. Nf3 d5 2. c4 d4 3. b4 Bg4 4. g3 Bxf3 5. exf3 e6 6. b5 c5 7. Bg2 a5 8. f4 Ra7 9. b6 Qxb6 10. Na3 Nc6 11. Rb1 Qd8 12. Rxb7 Rxb7 13. Bxc6+ Rd7 14. d3 Ne7 15. Bb5 Qa8 16. O-O Nc6 17. f5 e5 18. Re1 f6 19. Qf3 Rd6 20. Ba4 Kd8 21. Nb5 Rd7 22. Nc3 Rd6 23. Ne4 Nb4 24. a3 Na2 25. Qh5 g6 26. fxg6 Re6 27. gxh7 Nxc1 28. Qf7 Qa6 29. Qd7# 1-0

[Event "Mindsports Open 5th"]
[Site "London"]
[Date "2025.08.16"]
[Round "6.10"]
[White "Kiremitciyan, Ari"]
[Black "Kovchan, Alexander"]
[Result "0-1"]
[WhiteElo "2271"]
[BlackElo "2450"]
[PlyCount "42"]
[EventDate "2025.08.13"]
[EventType "swiss"]
[EventRounds "9"]
[EventCountry "ENG"]
[SourceTitle "BritBase"]
[Source "John Saunders"]
[SourceDate "2025.08.18"]
[SourceVersion "1"]
[SourceVersionDate "2025.08.18"]
[SourceQuality "1"]

1. Nf3 Nf6 2. g3 g6 3. b3 d5 4. Bb2 c5 5. c4 d4 6. b4 Bg7 7. Bg2 O-O 8. O-O Re8 9. d3 e5 10. b5 e4 11. Ng5 e3 12. fxe3 Ng4 13. Nxf7 Qe7 14. exd4 Ne3 15. Qc1 Nxf1 16. Bd5 Be6 17. Nh6+ Bxh6 18. Qxh6 Bxd5 19. dxc5 Qe3+ 20. Qxe3 Nxe3 21. cxd5 Nxd5 0-1

[Event "Mindsports Open 5th"]
[Site "London"]
[Date "2025.08.16"]
[Round "6.11"]
[White "Bracker, Frank"]
[Black "Li, Wenxiang"]
[Result "1/2-1/2"]
[WhiteElo "2301"]
[BlackElo "2395"]
[PlyCount "87"]
[EventDate "2025.08.13"]
[EventType "swiss"]
[EventRounds "9"]
[EventCountry "ENG"]
[SourceTitle "BritBase"]
[Source "John Saunders"]
[SourceDate "2025.08.18"]
[SourceVersion "1"]
[SourceVersionDate "2025.08.18"]
[SourceQuality "1"]

1. Nf3 d5 2. g3 Bg4 3. Bg2 c6 4. O-O e6 5. d3 Nf6 6. h3 Bh5 7. Qe1 Nbd7 8. e4 dxe4 9. dxe4 Bc5 10. Nbd2 Bxf3 11. Nxf3 e5 12. a4 a5 13. Qe2 O-O 14. b3 Qe7 15. Bb2 Rfe8 16. h4 Bd6 17. Nd2 Bb4 18. Rfd1 Qe6 19. Nc4 b5 20. axb5 cxb5 21. Ne3 Qc6 22. Nd5 Bc5 23. Ra2 a4 24. Rda1 h5 25. Bh3 Nb6 26. b4 Be7 27. Nxb6 Qxb6 28. c4 Bxb4 29. cxb5 Rad8 30. Bc1 Bc3 31. Be3 Bd4 32. Rxa4 Nxe4 33. Ra6 Qc5 34. Bxd4 exd4 35. Qd3 Qc3 36. Bf1 Qc5 37. b6 Rb8 38. Bg2 Nd6 39. Rb1 Qc3 40. Qxc3 dxc3 41. b7 Nxb7 42. Bxb7 c2 43. Rc1 Rxb7 44. Rxc2 1/2-1/2

[Event "Mindsports Open 5th"]
[Site "London"]
[Date "2025.08.16"]
[Round "6.12"]
[White "Badacsonyi, Frankie"]
[Black "Beerdsen, Thomas"]
[Result "0-1"]
[WhiteElo "2193"]
[BlackElo "2513"]
[PlyCount "66"]
[EventDate "2025.08.13"]
[EventType "swiss"]
[EventRounds "9"]
[EventCountry "ENG"]
[SourceTitle "BritBase"]
[Source "John Saunders"]
[SourceDate "2025.08.18"]
[SourceVersion "1"]
[SourceVersionDate "2025.08.18"]
[SourceQuality "1"]

1. d4 Nf6 2. c4 e6 3. Nc3 Bb4 4. e3 O-O 5. Bd2 d5 6. Nf3 Nbd7 7. Rc1 Be7 8. Qc2 a6 9. c5 c6 10. Bd3 Qc7 11. e4 e5 12. exd5 cxd5 13. dxe5 Nxe5 14. Nxe5 Qxe5+ 15. Ne2 Bd7 16. Bf4 Qh5 17. O-O Rfc8 18. Qb3 Bxc5 19. Qxb7 Bc6 20. Qb3 Bd7 21. Nc3 h6 22. Na4 Bxf2+ 23. Kxf2 Rxc1 24. Rxc1 Qh4+ 25. Bg3 Qd4+ 26. Kf1 Bxa4 27. Qc3 Qg4 28. h3 Qg5 29. Kg1 Bb5 30. Bb1 d4 31. Qc7 Re8 32. Re1 d3 33. Rxe8+ Nxe8 0-1

[Event "Mindsports Open 5th"]
[Site "London"]
[Date "2025.08.16"]
[Round "6.13"]
[White "Adams, Henry"]
[Black "Vandenbussche, Thibaut"]
[Result "0-1"]
[WhiteElo "2114"]
[BlackElo "2402"]
[PlyCount "68"]
[EventDate "2025.08.13"]
[EventType "swiss"]
[EventRounds "9"]
[EventCountry "ENG"]
[SourceTitle "BritBase"]
[Source "John Saunders"]
[SourceDate "2025.08.18"]
[SourceVersion "1"]
[SourceVersionDate "2025.08.18"]
[SourceQuality "1"]

1. d4 d5 2. c4 e6 3. Nf3 c5 4. cxd5 exd5 5. g3 Nc6 6. Bg2 Nf6 7. O-O Be7 8. dxc5 Bxc5 9. a3 Ne4 10. Nfd2 Nxf2 11. Rxf2 Bxf2+ 12. Kxf2 O-O 13. Nf3 Re8 14. Kg1 Bg4 15. Kh1 d4 16. b4 d3 17. exd3 Ne5 18. Nbd2 Nxd3 19. Qf1 Rc8 20. Rb1 Rc2 21. h3 Bxf3 22. Nxf3 Rf2 23. Qd1 Rfe2 24. Qg1 Re1 25. Nxe1 Rxe1 26. Bf1 Qd5+ 27. Kh2 Qa2+ 28. Rb2 Nxb2 29. Qd4 Nc4+ 30. Bg2 h5 31. Qd8+ Kh7 32. Qd3+ g6 33. Qd5 Qf2 34. Be3 Nxe3 0-1

[Event "Mindsports Open 5th"]
[Site "London"]
[Date "2025.08.16"]
[Round "6.14"]
[White "Safar, Sandro"]
[Black "Lebedev, Lion"]
[Result "1-0"]
[WhiteElo "2354"]
[BlackElo "2048"]
[PlyCount "141"]
[EventDate "2025.08.13"]
[EventType "swiss"]
[EventRounds "9"]
[EventCountry "ENG"]
[SourceTitle "BritBase"]
[Source "John Saunders"]
[SourceDate "2025.08.18"]
[SourceVersion "1"]
[SourceVersionDate "2025.08.18"]
[SourceQuality "1"]

1. d4 d5 2. Nc3 Nf6 3. Bf4 e6 4. e3 Bd6 5. Nf3 Bxf4 6. exf4 O-O 7. Bd3 c5 8. dxc5 Qa5 9. O-O Qxc5 10. Re1 Nc6 11. a3 b6 12. Nb5 a5 13. c3 a4 14. Nbd4 Nxd4 15. Nxd4 Re8 16. Re5 h6 17. Qe2 Nd7 18. Re3 Qd6 19. g3 Nc5 20. Bc2 Ba6 21. Qh5 Re7 22. Rae1 Rae8 23. h4 Bc4 24. Nf3 Bb3 25. Bb1 Nd7 26. Nd4 Bc4 27. Qd1 b5 28. Qc2 Nf8 29. Rf3 Qc7 30. Qd2 e5 31. fxe5 Rxe5 32. Rxe5 Rxe5 33. Re3 Ng6 34. Bxg6 fxg6 35. Qe1 Rxe3 36. Qxe3 Qd7 37. Kg2 Kh7 38. Qe5 Qf7 39. Ne6 Bb3 40. Qd6 Bc2 41. f3 Bd3 42. g4 Be2 43. Nf4 Bc4 44. Kg3 g5 45. hxg5 hxg5 46. Ne6 Qf6 47. Kf2 d4 48. Qh2+ Kg8 49. Nxd4 Bd3 50. Qc7 Qh6 51. Kg2 Qf6 52. Qb8+ Kh7 53. Qh2+ Kg8 54. Qb8+ Kh7 55. Nxb5 Qe6 56. Nd4 Qe1 57. Qh2+ Kg8 58. Qg1 Qd2+ 59. Qf2 Qc1 60. Ne6 Kf7 61. Nc5 Bc2 62. c4 Qxb2 63. Nxa4 Qb3 64. Nb6 Bd1 65. a4 Ke6 66. c5 Ke7 67. Qe1+ Kf6 68. Qf2 Ke7 69. a5 Qb5 70. Qe1+ Be2 71. Kf2 1-0

[Event "Mindsports Open 5th"]
[Site "London"]
[Date "2025.08.16"]
[Round "6.15"]
[White "Radeva, Viktoria"]
[Black "Zakarian, Dimitrios Levon"]
[Result "1-0"]
[WhiteElo "2317"]
[BlackElo "2079"]
[PlyCount "59"]
[EventDate "2025.08.13"]
[EventType "swiss"]
[EventRounds "9"]
[EventCountry "ENG"]
[SourceTitle "BritBase"]
[Source "John Saunders"]
[SourceDate "2025.08.18"]
[SourceVersion "1"]
[SourceVersionDate "2025.08.18"]
[SourceQuality "1"]

1. e4 c5 2. Nf3 a6 3. c4 Nc6 4. d4 cxd4 5. Nxd4 Nf6 6. Nc3 e5 7. Nf5 d5 8. cxd5 Nxe4 9. Nxg7+ Bxg7 10. Nxe4 Nd4 11. Bd3 Qxd5 12. O-O O-O 13. b3 Be6 14. Ng5 h6 15. Be4 Qb5 16. Nxe6 Nxe6 17. Qg4 Nf4 18. Qf5 Ng6 19. h4 Rfd8 20. h5 Nf8 21. Be3 Rd6 22. Rad1 Rad8 23. Rxd6 Rxd6 24. Rc1 Qe2 25. Rc8 Qd1+ 26. Kh2 Rd8 27. Rxd8 Qxd8 28. Bxb7 Ne6 29. Bxa6 Nd4 30. Qc8 1-0

[Event "Mindsports Open 5th"]
[Site "London"]
[Date "2025.08.16"]
[Round "6.16"]
[White "Choong, Han-Sen"]
[Black "Fitzsimons, David"]
[Result "0-1"]
[WhiteElo "1836"]
[BlackElo "2308"]
[PlyCount "76"]
[EventDate "2025.08.13"]
[EventType "swiss"]
[EventRounds "9"]
[EventCountry "ENG"]
[SourceTitle "BritBase"]
[Source "John Saunders"]
[SourceDate "2025.08.18"]
[SourceVersion "1"]
[SourceVersionDate "2025.08.18"]
[SourceQuality "1"]

1. d4 Nf6 2. c4 e6 3. g3 Bb4+ 4. Bd2 Qe7 5. Nc3 Nc6 6. Nf3 Bxc3 7. Bxc3 Ne4 8. Rc1 d6 9. Bg2 O-O 10. O-O Nxc3 11. Rxc3 a5 12. Ne1 e5 13. d5 Nb4 14. Qb1 Bd7 15. a3 Na6 16. b4 axb4 17. axb4 b5 18. c5 dxc5 19. bxc5 b4 20. d6 cxd6 21. cxd6 Qe6 22. Rd3 Rab8 23. Bd5 Qf6 24. f4 Nc5 25. Rd1 Na4 26. Qb3 Nc3 27. Rd2 e4 28. Ng2 Ba4 29. Qc4 b3 30. Ne3 Bb5 31. Qc7 Bxe2 32. Rc1 Rfc8 33. Bxb3 Bd3 34. Qd7 Ne2+ 35. Kg2 Rxc1 36. Ng4 Rg1+ 37. Kh3 Nxf4+ 38. gxf4 Bf1+ 0-1

[Event "Mindsports Open 5th"]
[Site "London"]
[Date "2025.08.16"]
[Round "6.17"]
[White "Zheng, Harry Z"]
[Black "Sanitt, Ethan"]
[Result "0-1"]
[WhiteElo "2190"]
[BlackElo "2033"]
[PlyCount "80"]
[EventDate "2025.08.13"]
[EventType "swiss"]
[EventRounds "9"]
[EventCountry "ENG"]
[SourceTitle "BritBase"]
[Source "John Saunders"]
[SourceDate "2025.08.18"]
[SourceVersion "1"]
[SourceVersionDate "2025.08.18"]
[SourceQuality "1"]

1. e4 e6 2. d4 d5 3. Nd2 c5 4. Ngf3 cxd4 5. Nxd4 Nc6 6. Bb5 Bd7 7. Nxc6 bxc6 8. Bd3 Bd6 9. Nf3 e5 10. exd5 cxd5 11. Qe2 e4 12. Ba6 Ne7 13. Nd4 O-O 14. O-O Ng6 15. f4 Rb8 16. c3 Ne7 17. Be3 Bc5 18. a4 Nc6 19. Rfd1 Qh4 20. Nxc6 Bxe3+ 21. Qxe3 Bxc6 22. b4 Rb6 23. Bf1 Bb7 24. Rd2 Rc8 25. a5 Rbc6 26. Qxa7 Ba8 27. Ba6 Rd8 28. Rxd5 Rxc3 29. Bb7 Bxb7 30. Qxb7 Rdc8 31. Rad1 h6 32. a6 Rc2 33. Qb6 Qg4 34. Rd8+ Kh7 35. R8d2 Rxd2 36. Rxd2 Rc1+ 37. Kf2 Qxf4+ 38. Ke2 Qf1+ 39. Ke3 Re1+ 40. Kd4 Qg1+ 0-1